[Event "Northwest Chess Open"]
[Site "Chess.com"]
[Date "2020.05.10"]
[Round "?"]
[White "Zhang, Michelle"]
[Black "Wong-Godfrey, Emerson"]
[Result "0-1"]
[WhiteElo "1267"]
[BlackElo "1114"]
[PlyCount "90"]
[EventDate "2020.??.??"]

1. e4 e6 2. d4 c5 3. Nf3 d5 4. exd5 exd5 5. dxc5 Nc6 6. Bb5 Bxc5 7. O-O Nge7 8.
c3 a5 9. Bg5 f6 10. Bf4 O-O 11. Be3 Bxe3 12. fxe3 Qb6 13. Qe2 Bg4 14. Nbd2 Nf5
15. Rfe1 Rfe8 16. Nf1 Re4 17. Bd3 Rae8 18. Bxe4 dxe4 19. Qc4+ Kh8 20. N3d2 Ne5
21. Qb3 Qxb3 22. Nxb3 Nd3 23. Reb1 a4 24. Nc1 Rd8 25. b3 a3 26. h3 Nxc1 27.
Rxc1 Be2 28. c4 h6 29. b4 Bxf1 30. Kxf1 Nxe3+ 31. Kf2 Nf5 32. Rd1 e3+ 33. Ke2
Re8 34. g4 Ng3+ 35. Kf3 Ne4 36. Re1 Nd2+ 37. Kf4 Nxc4 38. Kf5 Re5+ 39. Kg6 Kg8
40. h4 Rb5 41. Rad1 Ne5+ 42. Kf5 Nf3+ 43. Kf4 Nxe1 44. Rxe1 Rxb4+ 45. Kxe3 Rxg4
0-1

[Event "Northwest Chess Open"]
[Site "Chess.com"]
[Date "2020.05.10"]
[Round "?"]
[White "Wong-Godfrey, Emerson"]
[Black "Li, Emma"]
[Result "0-1"]
[WhiteElo "1114"]
[BlackElo "1342"]
[PlyCount "144"]
[EventDate "2020.??.??"]

1. e4 e5 2. Nf3 Nc6 3. Bb5 Nf6 4. O-O Bc5 5. c3 O-O 6. d4 exd4 7. cxd4 Bb6 8.
Bg5 h6 9. Bh4 g5 10. Bg3 Nxe4 11. Be5 d6 12. Bxc6 bxc6 13. Bg3 Nxg3 14. fxg3
Bg4 15. Nc3 Qf6 16. Ne4 Qg7 17. h3 Bxf3 18. Qxf3 Bxd4+ 19. Kh2 Bxb2 20. Rab1
Be5 21. Rb7 Rfe8 22. Rxc7 Rf8 23. Nf6+ Bxf6 24. Qxf6 Qxf6 25. Rxf6 Rac8 26.
Rxa7 c5 27. Ra3 c4 28. Rc3 d5 29. Rff3 d4 30. Rc1 d3 31. Rc3 Rfd8 32. Rf1 Rd4
33. Rd1 d2 34. Kg1 Ra8 35. a3 Rb8 36. Rc2 Rb3 37. a4 Ra3 38. a5 Rxa5 39. Rcxd2
Rxd2 40. Rxd2 Rc5 41. Rc2 Kg7 42. Kf2 Kf6 43. Ke3 Ke5 44. g4 c3 45. g3 f6 46.
Kd3 Rd5+ 47. Kc4 Rd2 48. Rxc3 Rh2 49. Kc5 Ke6 50. Re3+ Kf7 51. Rf3 Rxh3 52. Kd4
h5 53. gxh5 Rxh5 54. Ke4 Kg6 55. Rf2 Rh3 56. g4 Rg3 57. Kd5 Rxg4 58. Ke6 Rf4
59. Rc2 g4 60. Rc8 Re4+ 61. Kd5 Re5+ 62. Kd4 Rg5 63. Ke4 g3 64. Kf3 g2 65. Rg8+
Kf5 66. Rxg5+ Kxg5 67. Kxg2 Kg4 68. Kf2 Kf4 69. Kg2 Ke3 70. Kf1 f5 71. Ke1 f4
72. Kf1 Kf3 0-1

[Event "Northwest Chess Open"]
[Site "Chess.com"]
[Date "2020.05.10"]
[Round "?"]
[White "Wong-Godfrey, Emerson"]
[Black "Shanmugam, Meera"]
[Result "0-1"]
[WhiteElo "1114"]
[BlackElo "1224"]
[PlyCount "56"]
[EventDate "2020.??.??"]

1. e4 e5 2. Nf3 Nf6 3. Nc3 Nc6 4. Bc4 Bc5 5. O-O d6 6. h3 O-O 7. Ne2 Nxe4 8. d3
Nf6 9. Be3 Bxe3 10. fxe3 d5 11. Bb5 Re8 12. d4 e4 13. Ne5 Bd7 14. c4 Nxe5 15.
dxe5 Rxe5 16. Bxd7 Qxd7 17. Qb3 dxc4 18. Qxb7 Ree8 19. Rad1 Qe7 20. Rd4 Reb8
21. Qc6 Qe6 22. Qxc7 Rxb2 23. Rfd1 Rxe2 24. Rd8+ Rxd8 25. Rxd8+ Ne8 26. Qb8 Kf8
27. Rxe8+ Qxe8 28. Qd6+ Kg8 0-1

[Event "Northwest Chess Open"]
[Site "Chess.com"]
[Date "2020.05.09"]
[Round "?"]
[White "Sankar, Abhay"]
[Black "Bloom, Corey"]
[Result "1/2-1/2"]
[WhiteElo "1089"]
[BlackElo "1780"]
[PlyCount "65"]
[EventDate "2020.??.??"]

1. d4 Nf6 2. c4 e6 3. Nc3 Bb4 4. e3 b6 5. Nf3 Bb7 6. Be2 Bxc3+ 7. bxc3 Ne4 8.
Qc2 O-O 9. O-O d6 10. Bd3 f5 11. Nd2 d5 12. cxd5 exd5 13. c4 c6 14. f3 Nxd2 15.
Bxd2 Qf6 16. Bb4 Re8 17. Rae1 g6 18. cxd5 Na6 19. Ba3 Rac8 20. dxc6 Rxc6 21.
Qd2 f4 22. Bb5 fxe3 23. Rxe3 Rxe3 24. Qxe3 Rc8 25. Re1 Nc7 26. Bd7 Rb8 27. Qb3+
Bd5 28. Qb2 Rd8 29. Ba4 Ne6 30. Bb3 Qxd4+ 31. Qxd4 Nxd4 32. Bxd5+ Rxd5 33. Bb2
1/2-1/2

[Event "Northwest Chess Open"]
[Site "Chess.com"]
[Date "2020.05.09"]
[Round "?"]
[White "Zhang, Michelle"]
[Black "Sankar, Abhay"]
[Result "0-1"]
[WhiteElo "1267"]
[BlackElo "1089"]
[PlyCount "52"]
[EventDate "2020.??.??"]

1. e4 e6 2. d4 d5 3. Nd2 c5 4. exd5 exd5 5. Ngf3 Nf6 6. Bd3 Nc6 7. c3 cxd4 8.
cxd4 Be7 9. O-O O-O 10. Nb3 Bg4 11. Bg5 Qb6 12. Be3 Nb4 13. Be2 Rac8 14. Bf4
Nc6 15. Rc1 Rfd8 16. h3 Bh5 17. Qd2 Ne4 18. Qe3 Bf6 19. Rfd1 Ne7 20. Ne5 Nf5
21. Qd3 Rxc1 22. Rxc1 Bxe2 23. Qxe2 Nxd4 24. Qd3 Nxb3 25. axb3 Qxf2+ 26. Kh1
Qxf4 0-1

[Event "Northwest Chess Open"]
[Site "Chess.com"]
[Date "2020.05.09"]
[Round "?"]
[White "Vemparala, Nikash"]
[Black "Sankar, Abhay"]
[Result "1/2-1/2"]
[WhiteElo "1684"]
[BlackElo "1089"]
[PlyCount "80"]
[EventDate "2020.??.??"]

1. e4 e6 2. d4 d5 3. exd5 exd5 4. Nf3 Nf6 5. Bd3 c5 6. c3 c4 7. Bc2 Bd6 8. O-O
O-O 9. b3 b5 10. a4 Ba6 11. axb5 Bxb5 12. bxc4 Bxc4 13. Bd3 Bxd3 14. Qxd3 Nc6
15. Nbd2 Re8 16. Ba3 Bf8 17. Bxf8 Kxf8 18. Rfe1 Qd7 19. Ne5 Qc7 20. f4 g6 21.
Qh3 Kg7 22. Ra6 Nxe5 23. fxe5 Nd7 24. Re3 Nb6 25. Nf3 Qc4 26. Ra1 Qc8 27. Qh4
Qd8 28. Qf4 Nc4 29. Re2 f6 30. exf6+ Qxf6 31. Qxf6+ Kxf6 32. Rxe8 Rxe8 33. Rxa7
Re3 34. Rxh7 Rxc3 35. Kf2 Rc2+ 36. Kg3 Ne3 37. Ne5 Nf5+ 38. Kf4 g5+ 39. Kg4
Nxd4 40. Nd7+ Kg6 1/2-1/2

[Event "Northwest Chess Open"]
[Site "Chess.com"]
[Date "2020.05.10"]
[Round "?"]
[White "Sankar, Abhay"]
[Black "Li, Edward"]
[Result "1-0"]
[WhiteElo "1089"]
[BlackElo "1595"]
[PlyCount "90"]
[EventDate "2020.??.??"]

1. d4 d5 2. c4 e6 3. cxd5 exd5 4. Nf3 Nf6 5. Bg5 Nbd7 6. Nc3 Be7 7. e3 O-O 8.
Bd3 h6 9. Bh4 b6 10. O-O Bb7 11. Qc2 c5 12. b3 Rc8 13. Qd2 cxd4 14. exd4 Bb4
15. Rfc1 Rc7 16. a3 Be7 17. b4 a6 18. Bg3 Rc8 19. Na4 Ne4 20. Bxe4 dxe4 21. Ne5
Nxe5 22. Bxe5 Rxc1+ 23. Rxc1 Bg5 24. Bf4 Bxf4 25. Qxf4 Qxd4 26. h3 g5 27. Qg3
f5 28. h4 f4 29. Qg4 Qf6 30. Rc7 Bd5 31. Nc3 Be6 32. Qh5 Bf7 33. Qg4 Bg6 34.
Nd5 Qa1+ 35. Kh2 Kh8 36. Qe6 Bf5 37. Qxh6+ Kg8 38. Qxg5+ Kh8 39. Qh5+ Kg8 40.
Ne7+ Kg7 41. Nxf5+ Kf6 42. Rf7+ Rxf7 43. Qh8+ Kxf5 44. Qxa1 Rh7 45. Kh3 Rg7 1-0

[Event "Northwest Chess Open"]
[Site "Chess.com"]
[Date "2020.05.10"]
[Round "?"]
[White "Razmov, Valentin"]
[Black "Sankar, Abhay"]
[Result "1/2-1/2"]
[WhiteElo "1986"]
[BlackElo "1089"]
[PlyCount "62"]
[EventDate "2020.??.??"]

1. d4 Nf6 2. c4 g6 3. Nc3 Bg7 4. e4 d6 5. Nf3 O-O 6. Be2 c5 7. O-O cxd4 8. Nxd4
e5 9. Nc2 Nc6 10. Be3 Be6 11. f3 Nh5 12. Re1 Nf4 13. Bf1 f5 14. Nb5 fxe4 15.
fxe4 Qg5 16. g3 Bh3 17. Bxf4 exf4 18. Bxh3 fxg3 19. Qd5+ Qxd5 20. exd5 Ne5 21.
Nbd4 gxh2+ 22. Kxh2 Nd3 23. Rf1 Be5+ 24. Kg1 Nf4 25. Bg2 Rae8 26. Rab1 h5 27.
Nf3 Ne2+ 28. Kh1 Ng3+ 29. Kg1 Ne2+ 30. Kh1 Ng3+ 31. Kg1 Ne2+ 1/2-1/2

[Event "Northwest Chess Open"]
[Site "Chess.com"]
[Date "2020.05.09"]
[Round "?"]
[White "Vemparala, Nikash"]
[Black "Ruff, Lois"]
[Result "1-0"]
[WhiteElo "1684"]
[BlackElo "1027"]
[PlyCount "69"]
[EventDate "2020.??.??"]

1. e4 c5 2. Nc3 e6 3. g3 Nc6 4. Bg2 b6 5. d3 Rb8 6. f4 Bb7 7. Nf3 Be7 8. O-O d5
9. h3 Nf6 10. Bd2 O-O 11. g4 dxe4 12. dxe4 Nd4 13. Re1 Ne8 14. f5 exf5 15. gxf5
Nxf3+ 16. Bxf3 Bh4 17. Re2 Nd6 18. Bf4 Be7 19. f6 Ba6 20. fxe7 Qxe7 21. Rg2
Rfd8 22. Nd5 Qd7 23. Nf6+ Kh8 24. Nxd7 Rxd7 25. Bxd6 Rbd8 26. e5 f6 27. Bc6 Rf7
28. Qh5 g6 29. Rxg6 Rg7 30. Rxg7 Kxg7 31. exf6+ Kh8 32. Be5 Rg8+ 33. Kh2 Bc4
34. f7+ Rg7 35. f8=Q+ 1-0

[Event "Northwest Chess Open"]
[Site "Chess.com"]
[Date "2020.05.09"]
[Round "?"]
[White "Ruff, Lois"]
[Black "Joshi, Atharva"]
[Result "0-1"]
[WhiteElo "1027"]
[BlackElo "1332"]
[PlyCount "116"]
[EventDate "2020.??.??"]

1. e4 e6 2. d4 d5 3. Nc3 Nf6 4. Bg5 dxe4 5. Nxe4 Be7 6. Nxf6+ Bxf6 7. Bxf6 Qxf6
8. Nf3 O-O 9. Be2 b6 10. O-O Bb7 11. Qd3 Nc6 12. c3 Ne7 13. a4 Rac8 14. b4 c5
15. dxc5 Rfd8 16. Qd2 Rxd2 17. Nxd2 bxc5 18. Bf3 Bxf3 19. Nxf3 Qxc3 20. b5 h6
21. Rfc1 Qf6 22. Re1 c4 23. Ne5 Nd5 24. Nd7 Qd8 25. b6 Qxd7 26. a5 axb6 27. a6
Ra8 28. Red1 Qc8 29. a7 Qb7 30. Rdc1 c3 31. Rc2 Rxa7 32. Rca2 Rxa2 33. Rxa2 Qc7
34. Ra8+ Kh7 35. g3 c2 36. Ra1 Nc3 37. Rc1 Ne2+ 38. Kf1 Nxc1 39. Ke1 Nd3+ 40.
Kd2 Nxf2 41. Kc1 Qxg3 42. hxg3 Ne4 43. g4 Nf2 44. Kxc2 Nxg4 45. Kc3 h5 46. Kd3
h4 47. Ke4 h3 48. Kf3 h2 49. Kg2 b5 50. Kh1 b4 51. Kg2 b3 52. Kh1 b2 53. Kg2
b1=Q 54. Kg3 Qf5 55. Kg2 Kh6 56. Kh1 Kh5 57. Kg2 Kh4 58. Kh1 Qf1# 0-1

[Event "Northwest Chess Open"]
[Site "Chess.com"]
[Date "2020.05.09"]
[Round "?"]
[White "Stein, Elizabeth"]
[Black "Zhao, Maxwell"]
[Result "0-1"]
[WhiteElo "841"]
[BlackElo "1628"]
[PlyCount "82"]
[EventDate "2020.??.??"]

1. e4 e5 2. Nf3 Nc6 3. Bb5 a6 4. Ba4 Nf6 5. O-O Be7 6. Re1 b5 7. Bb3 O-O 8. c3
d5 9. exd5 Nxd5 10. Nxe5 Nxe5 11. Rxe5 c6 12. d4 Bd6 13. Re1 Qh4 14. g3 Qh3 15.
Qf3 Bg4 16. Qg2 Qh5 17. c4 bxc4 18. Bxc4 Rae8 19. Bd2 Rxe1+ 20. Bxe1 Bf3 21.
Qf1 Nf4 22. h4 Bg2 23. Be2 Qf5 24. g4 Qd7 25. Qxg2 Nxg2 26. Kxg2 Re8 27. Kf1
Qe6 28. Nc3 Qf6 29. f3 h5 30. gxh5 Qxd4 31. Rd1 Qf4 32. Bf2 Qh2 33. Ne4 Qh1+
34. Bg1 Qh3+ 35. Ke1 Bg3+ 36. Nxg3 Qxg3+ 37. Kf1 Qh3+ 38. Kf2 Qxh4+ 39. Kg2
Rxe2+ 40. Kf1 Rxb2 41. Re1 Qh3# 0-1

[Event "Northwest Chess Open"]
[Site "Chess.com"]
[Date "2020.05.09"]
[Round "?"]
[White "Dodd, Edwin"]
[Black "Stein, Elizabeth"]
[Result "1-0"]
[WhiteElo "1197"]
[BlackElo "841"]
[PlyCount "45"]
[EventDate "2020.??.??"]

1. e4 e5 2. Nf3 Nc6 3. Nc3 Nf6 4. Bc4 Nxe4 5. Bxf7+ Kxf7 6. Nxe4 d5 7. Nc3 Be7
8. O-O Rf8 9. d3 Bg4 10. h3 Bh5 11. g4 Bg6 12. Qe1 Bf6 13. g5 Be7 14. Nxe5+ Kg8
15. Nxg6 hxg6 16. Qe6+ Kh8 17. Qxg6 Ne5 18. Qh5+ Kg8 19. g6 Nf3+ 20. Kh1 Ng5
21. Bxg5 Rf5 22. Qh7+ Kf8 23. Qh8# 1-0

[Event "Northwest Chess Open"]
[Site "Chess.com"]
[Date "2020.05.10"]
[Round "?"]
[White "Stein, Elizabeth"]
[Black "Singh, Saket"]
[Result "0-1"]
[WhiteElo "841"]
[BlackElo "1484"]
[PlyCount "60"]
[EventDate "2020.??.??"]

1. e4 e5 2. Nf3 Nc6 3. Bb5 a6 4. Ba4 Nf6 5. d3 b5 6. Bb3 d6 7. h3 Be7 8. Nc3
O-O 9. Be3 h6 10. Qd2 Re8 11. Nh4 Nxe4 12. Nxe4 Bxh4 13. g3 Be7 14. f4 d5 15.
Nf2 exf4 16. gxf4 d4 17. O-O-O dxe3 18. Qxe3 Na5 19. Rhg1 Nxb3+ 20. axb3 Bf6
21. Ne4 Bf5 22. Qf3 a5 23. Rg2 Kh8 24. Re1 b4 25. Reg1 g6 26. Nxf6 Qxf6 27. Rg3
a4 28. bxa4 Rxa4 29. b3 Ra1+ 30. Kd2 Qc3# 0-1

[Event "Northwest Chess Open"]
[Site "Chess.com"]
[Date "2020.05.09"]
[Round "?"]
[White "Li, Edward"]
[Black "Sripathi, Prajna"]
[Result "1/2-1/2"]
[WhiteElo "1595"]
[BlackElo "834"]
[PlyCount "133"]
[EventDate "2020.??.??"]

1. e4 e5 2. Nf3 Nc6 3. Nc3 Bc5 4. Nxe5 Bxf2+ 5. Kxf2 Nxe5 6. d4 Nc6 7. Be3 d6
8. Bb5 Bd7 9. Rf1 a6 10. Ba4 h6 11. Nd5 Nge7 12. Bb3 O-O 13. Kg1 Na5 14. Qh5
Nxb3 15. axb3 Nxd5 16. Qxd5 Bc6 17. Qf5 Bd7 18. Qf3 Qe7 19. Rae1 Rae8 20. Bf4
b5 21. e5 dxe5 22. Bxe5 Qb4 23. Qb7 f6 24. Qxc7 fxe5 25. Qxd7 Qxd4+ 26. Qxd4
exd4 27. Rxf8+ Rxf8 28. Re6 Rd8 29. Rxa6 d3 30. cxd3 Rxd3 31. Ra3 b4 32. Ra2
Rxb3 33. Kf2 Rd3 34. Ke2 Rd8 35. Ra4 Rb8 36. Kd3 Rf8 37. Ke3 Re8+ 38. Kf2 Rb8
39. g3 Rf8+ 40. Ke3 g5 41. h4 g4 42. Rxb4 Rf3+ 43. Ke2 h5 44. Rb5 Rxg3 45. Rxh5
Rg2+ 46. Ke3 Rxb2 47. Rg5+ Kh7 48. Rxg4 Rb3+ 49. Kf2 Kh6 50. Rg3 Rxg3 51. Kxg3
Kh5 52. Kh3 Kh6 53. Kg2 Kh5 54. Kg3 Kh6 55. Kg4 Kg6 56. h5+ Kh6 57. Kh4 Kh7 58.
Kg4 Kh6 59. Kh4 Kh7 60. Kg5 Kg7 61. h6+ Kh7 62. Kh5 Kh8 63. Kg5 Kh7 64. Kh5 Kh8
65. Kg6 Kg8 66. Kf6 Kh7 67. Kg5 1/2-1/2

[Event "Northwest Chess Open"]
[Site "Chess.com"]
[Date "2020.05.09"]
[Round "?"]
[White "Sripathi, Prajna"]
[Black "Dodd, Edwin"]
[Result "1-0"]
[WhiteElo "834"]
[BlackElo "1197"]
[PlyCount "51"]
[EventDate "2020.??.??"]

1. e4 c5 2. Nc3 Nc6 3. g3 d6 4. Bg2 e5 5. d3 Nf6 6. Nge2 Be7 7. O-O O-O 8. f4
exf4 9. Nxf4 Bg4 10. Qe1 Nd4 11. Rf2 h6 12. h3 Be6 13. e5 dxe5 14. Qxe5 Bd6 15.
Qe1 Rb8 16. Ne4 Nxe4 17. Bxe4 f5 18. Nxe6 Nxe6 19. Rxf5 Rxf5 20. Bxf5 Nd4 21.
Qf2 Qf6 22. g4 g6 23. Be4 Bg3 24. Qxf6 Rf8 25. Qxg6+ Kh8 26. Qh7# 1-0

[Event "Northwest Chess Open"]
[Site "Chess.com"]
[Date "2020.05.10"]
[Round "?"]
[White "Sripathi, Prajna"]
[Black "Nguyen, Thanh"]
[Result "0-1"]
[WhiteElo "834"]
[BlackElo "2027"]
[PlyCount "82"]
[EventDate "2020.??.??"]

1. e4 e5 2. Nf3 Nc6 3. Nc3 Nf6 4. Bc4 Bc5 5. O-O O-O 6. d3 h6 7. h3 Re8 8. Nh2
Na5 9. Qf3 Nxc4 10. dxc4 a6 11. Qg3 Re6 12. Re1 Nh7 13. Nd5 Rg6 14. Qd3 d6 15.
b4 Bd4 16. Rb1 c6 17. Nc3 Qh4 18. Re2 Bxh3 19. Kf1 Rxg2 20. Nd1 Rxf2+ 21. Ke1
Rf3+ 22. Kd2 Rxd3+ 23. cxd3 Ng5 24. Kc2 Bg4 25. Nxg4 Qxg4 26. Rd2 Nf3 27. Re2
b5 28. Bb2 Bxb2 29. Kxb2 a5 30. Kc1 axb4 31. Rxb4 Nd4 32. Rf2 bxc4 33. Rxc4
Qg5+ 34. Kb2 Rb8+ 35. Ka1 Qg1 36. Rc1 Qe1 37. Rh2 Ne2 38. Rxe2 Qxe2 39. a3 Rb3
40. a4 Ra3+ 41. Kb1 Qa2# 0-1

[Event "Northwest Chess Open"]
[Site "Chess.com"]
[Date "2020.05.10"]
[Round "?"]
[White "Stein, Daniel"]
[Black "Sripathi, Prajna"]
[Result "1-0"]
[WhiteElo "1555"]
[BlackElo "834"]
[PlyCount "57"]
[EventDate "2020.??.??"]

1. e4 e5 2. Nf3 Nc6 3. Bb5 d6 4. d4 Bd7 5. Bxc6 Bxc6 6. Nc3 Nf6 7. Qe2 exd4 8.
Nxd4 Bd7 9. Bf4 Be7 10. O-O-O a5 11. f3 h6 12. h4 Nh7 13. Nf5 Bf6 14. Nd5 g6
15. Nxh6 Bxh4 16. Rxh4 Qxh4 17. Nxc7+ Kf8 18. g3 Qd8 19. Nxa8 Qxa8 20. Bxd6+
Ke8 21. Be5 f6 22. Qc4 Ng5 23. Bxf6 b5 24. Qc5 Rh7 25. Bxg5 Qb7 26. Ng4 Rg7 27.
Nf6+ Kd8 28. Nxd7+ Ke8 29. Qf8# 1-0

[Event "Northwest Chess Open"]
[Site "Chess.com"]
[Date "2020.05.09"]
[Round "?"]
[White "Bloom, Corey"]
[Black "Han, Shuyi"]
[Result "1-0"]
[WhiteElo "1780"]
[BlackElo "758"]
[PlyCount "65"]
[EventDate "2020.??.??"]

1. f4 d5 2. Nf3 Nf6 3. e3 e6 4. b3 Be7 5. Bb2 O-O 6. Bd3 Nc6 7. a3 Bd7 8. O-O
Ne4 9. c4 Nc5 10. Bc2 dxc4 11. bxc4 Bf6 12. Bxf6 Qxf6 13. Nc3 h6 14. d4 Na6 15.
Qd3 Qf5 16. Qe2 Qg4 17. h3 Qg3 18. Ne4 Qg6 19. Nh4 Qh7 20. Nf6+ gxf6 21. Bxh7+
Kxh7 22. f5 e5 23. d5 Ne7 24. Qh5 Nc5 25. Kh2 Nd3 26. g4 e4 27. Ng2 b5 28. h4
Kg7 29. g5 fxg5 30. f6+ Kh7 31. hxg5 Kg8 32. Qxh6 Rfe8 33. Qg7# 1-0

[Event "Northwest Chess Open"]
[Site "Chess.com"]
[Date "2020.05.09"]
[Round "?"]
[White "Han, Shuyi"]
[Black "Ruff, Lois"]
[Result "1-0"]
[WhiteElo "758"]
[BlackElo "1027"]
[PlyCount "121"]
[EventDate "2020.??.??"]

1. e4 c5 2. Nf3 e6 3. d4 cxd4 4. Nxd4 Nc6 5. Nc3 Bb4 6. Nxc6 bxc6 7. Bd2 Qa5 8.
Be2 Nf6 9. Bf3 Ba6 10. a3 Bxc3 11. Bxc3 Qd8 12. e5 Nd5 13. Bd2 O-O 14. Be2 Qc8
15. O-O Rb8 16. Bxa6 Qxa6 17. Rb1 Rb6 18. Qg4 Rfb8 19. c4 Ne7 20. Bb4 Ng6 21.
Rfe1 Qa4 22. Re3 c5 23. b3 Qa6 24. Bxc5 Rc6 25. Bb4 Qb6 26. Rg3 a5 27. Be7 Qa6
28. h4 a4 29. h5 Rxb3 30. Rbxb3 axb3 31. hxg6 hxg6 32. Rxb3 Rc8 33. Qh4 Qxc4
34. Qxc4 Rxc4 35. Rb4 Rc1+ 36. Kh2 Rc2 37. f3 Re2 38. f4 Rd2 39. a4 Ra2 40.
Rb8+ Kh7 41. Ra8 Rd2 42. a5 Rd4 43. g3 Rd2+ 44. Kh3 Rd1 45. a6 Rh1+ 46. Kg2 Ra1
47. a7 Ra6 48. Bc5 Ra2+ 49. Bf2 f6 50. exf6 gxf6 51. Rf8 f5 52. a8=Q Rxa8 53.
Rxa8 d6 54. Ra6 e5 55. Rxd6 exf4 56. gxf4 Kh6 57. Bh4 Kh5 58. Bg5 Kg4 59. Rxg6
Kh5 60. Rh6+ Kg4 61. Rh4# 1-0

[Event "Northwest Chess Open"]
[Site "Chess.com"]
[Date "2020.05.10"]
[Round "?"]
[White "Han, Shuyi"]
[Black "Gilton, Terry"]
[Result "1/2-1/2"]
[WhiteElo "758"]
[BlackElo "1554"]
[PlyCount "107"]
[EventDate "2020.??.??"]

1. e4 c6 2. d4 d5 3. exd5 cxd5 4. Be2 Bf5 5. Nf3 Nf6 6. O-O e6 7. Nc3 Be7 8.
Bf4 Bd6 9. Bxd6 Qxd6 10. Nh4 Bg6 11. Nxg6 hxg6 12. h3 Nbd7 13. Nb5 Qb6 14. Qd3
a6 15. Nc3 Rc8 16. Rab1 Rc4 17. Rfd1 O-O 18. Qe3 Rc7 19. Bd3 e5 20. Be2 Re8 21.
dxe5 Qxe3 22. fxe3 Rxe5 23. Bf3 Nb6 24. Re1 Rce7 25. Rbd1 Rxe3 26. Rxe3 Rxe3
27. Nxd5 Nbxd5 28. Bxd5 Nxd5 29. Rxd5 Re2 30. Rc5 Kf8 31. Rc8+ Ke7 32. Kf1 Rd2
33. Rc7+ Rd7 34. Rxd7+ Kxd7 35. Ke2 Kc6 36. Kd3 Kd5 37. c4+ Kc5 38. Kc3 a5 39.
a3 a4 40. b4+ axb3 41. Kxb3 b5 42. cxb5 Kxb5 43. a4+ Ka5 44. Ka3 f5 45. g3 g5
46. Kb3 f4 47. gxf4 gxf4 48. Kc3 Kxa4 49. Kd4 Kb4 50. Ke4 g5 51. h4 gxh4 52.
Kxf4 h3 53. Kg3 h2 54. Kxh2 1/2-1/2

[Event "Northwest Chess Open"]
[Site "Chess.com"]
[Date "2020.05.10"]
[Round "?"]
[White "Gurumurthy, Srikrishna"]
[Black "Han, Shuyi"]
[Result "1-0"]
[WhiteElo "1232"]
[BlackElo "758"]
[PlyCount "71"]
[EventDate "2020.??.??"]

1. d4 d5 2. c4 c6 3. Nc3 Nf6 4. e3 e6 5. Nf3 Be7 6. Be2 O-O 7. O-O Nbd7 8. Bd2
b6 9. b3 Bb7 10. h3 dxc4 11. bxc4 c5 12. Rb1 cxd4 13. exd4 Ne4 14. Nxe4 Bxe4
15. Ra1 Nf6 16. Be3 Bb7 17. Nd2 Ne4 18. Nxe4 Bxe4 19. Bf3 Bxf3 20. Qxf3 Bg5 21.
Bxg5 Qxg5 22. Qe3 Qxe3 23. fxe3 Rac8 24. Rac1 Rfe8 25. e4 e5 26. d5 Rc7 27. d6
Rd7 28. Rfd1 Red8 29. c5 h6 30. c6 Rxd6 31. Rxd6 Rxd6 32. c7 Kh7 33. c8=Q Rd4
34. Qf5+ Kg8 35. Rc8+ Rd8 36. Rxd8# 1-0

[Event "Northwest Chess Open"]
[Site "Chess.com"]
[Date "2020.05.10"]
[Round "?"]
[White "Han, Shuyi"]
[Black "Devadithya, Hiruna"]
[Result "0-1"]
[WhiteElo "758"]
[BlackElo "1184"]
[PlyCount "132"]
[EventDate "2020.??.??"]

1. e4 c5 2. Nf3 d6 3. d4 cxd4 4. Nxd4 Nf6 5. Nc3 a6 6. Be3 e6 7. Be2 Be7 8. O-O
O-O 9. Bf3 Nbd7 10. Re1 Qc7 11. Nb3 Rb8 12. Qd2 b5 13. Red1 Bb7 14. Bf4 e5 15.
Bg3 Nb6 16. Nd5 Nfxd5 17. exd5 Nc4 18. Qc3 f5 19. h3 Bf6 20. Qb4 Nxb2 21. Rf1
f4 22. Bh2 Bc8 23. Be4 Bg5 24. Rab1 Nc4 25. Nd2 Nxd2 26. Qxd2 Bh6 27. Qd3 g6
28. Qf3 Bf5 29. Bxf5 Rxf5 30. Qe4 Rc8 31. Rbc1 f3 32. Rcd1 fxg2 33. Kxg2 Qxc2
34. Qxc2 Rxc2 35. a3 Be3 36. Bg3 Bc5 37. Rd3 Ra2 38. Rc3 Rf8 39. Kg1 a5 40. Rb3
Rxa3 41. Rxb5 Rxg3+ 42. Kh1 Rxh3+ 43. Kg2 Ra3 44. Kh1 Kg7 45. Kg2 h5 46. Rb7+
Rf7 47. Rxf7+ Kxf7 48. Kg1 Ra2 49. Kg2 a4 50. Rb1 Rxf2+ 51. Kh1 Kf6 52. Ra1 a3
53. Rb1 Kg5 54. Rg1+ Kh6 55. Ra1 Bb4 56. Kg1 Rd2 57. Kf1 a2 58. Kg1 Bc3 59. Rf1
a1=Q 60. Rxa1 Bxa1 61. Kf1 Bc3 62. Kg1 Kg5 63. Kh1 Kg4 64. Kg1 Kf3 65. Kh1 Kg3
66. Kg1 Rd1# 0-1

[Event "Northwest Chess Open"]
[Site "Chess.com"]
[Date "2020.05.09"]
[Round "?"]
[White "Alagumalai, Gautham"]
[Black "Stein, Daniel"]
[Result "0-1"]
[WhiteElo "723"]
[BlackElo "1555"]
[PlyCount "58"]
[EventDate "2020.??.??"]

1. e4 e5 2. Nf3 Nc6 3. Nc3 Nf6 4. Bc4 Nxe4 5. Nxe4 d5 6. Bxd5 Qxd5 7. Nc3 Qd6
8. O-O Bg4 9. d3 O-O-O 10. Be3 Kb8 11. h3 Bh5 12. Ng5 Bxd1 13. Nxf7 Qe6 14.
Nxd8 Nxd8 15. Rfxd1 Nc6 16. Nb5 Be7 17. d4 exd4 18. Nxd4 Nxd4 19. Bxd4 Qc6 20.
Bxg7 Rg8 21. Rd2 Rxg7 22. g3 a6 23. Re1 Bc5 24. Rd8+ Ka7 25. g4 Qf3 26. Rd3
Qxf2+ 27. Kh1 Qxe1+ 28. Kg2 Qf2+ 29. Kh1 Qg1# 0-1

[Event "Northwest Chess Open"]
[Site "Chess.com"]
[Date "2020.05.09"]
[Round "?"]
[White "Li, Emma"]
[Black "Alagumalai, Gautham"]
[Result "1-0"]
[WhiteElo "1342"]
[BlackElo "723"]
[PlyCount "101"]
[EventDate "2020.??.??"]

1. e4 e5 2. Nf3 Nc6 3. Nc3 Nf6 4. Bb5 Bc5 5. Nxe5 Nxe5 6. d4 c6 7. Be2 Bxd4 8.
Qxd4 d6 9. Bg5 c5 10. Qd2 h6 11. Bh4 Bg4 12. Bxg4 Nexg4 13. h3 Nxe4 14. Bxd8
Nxd2 15. hxg4 Rxd8 16. Kxd2 O-O 17. Rad1 Kh7 18. Kc1 g6 19. g5 h5 20. g4 f6 21.
gxf6 Rxf6 22. gxh5 gxh5 23. Rxh5+ Kg6 24. Rhd5 Rxf2 25. Rxd6+ Rxd6 26. Rxd6+
Kf7 27. Rd7+ Ke8 28. Rxb7 Rf1+ 29. Nd1 a6 30. Ra7 Rf6 31. Rc7 Rf5 32. Rc6 a5
33. Ra6 c4 34. Ne3 Rc5 35. Kd2 Kd7 36. Kc3 Kc7 37. Nxc4 Kb7 38. Rxa5 Rc6 39.
Kb4 Kc7 40. Rc5 Rxc5 41. Kxc5 Kb7 42. Kb5 Kc7 43. Ka6 Kb8 44. b4 Ka8 45. b5 Kb8
46. Kb6 Ka8 47. Kc7 Ka7 48. b6+ Ka8 49. b7+ Ka7 50. b8=Q+ Ka6 51. Qb6# 1-0

[Event "Northwest Chess Open"]
[Site "Chess.com"]
[Date "2020.05.10"]
[Round "?"]
[White "Alagumalai, Gautham"]
[Black "Stein, Elizabeth"]
[Result "0-1"]
[WhiteElo "723"]
[BlackElo "841"]
[PlyCount "78"]
[EventDate "2020.??.??"]

1. e4 e5 2. Nf3 Nc6 3. Nc3 Nf6 4. Bc4 Nxe4 5. Nxe4 d5 6. Bd3 dxe4 7. Bxe4 Bg4
8. h3 Bd7 9. d3 Bd6 10. Be3 O-O 11. O-O Qe7 12. c3 Bc5 13. Bxh7+ Kxh7 14. Ng5+
Kg8 15. Qh5 Bf5 16. Bxc5 Qxc5 17. Rfd1 Bg6 18. d4 exd4 19. cxd4 Nxd4 20. Qh4
Ne2+ 21. Kf1 Qb5 22. Rd2 Ng3+ 23. Kg1 Nf5 24. Qf4 Qc6 25. g4 Nd6 26. Rad1 f6
27. Ne6 Rf7 28. Rxd6 cxd6 29. Rxd6 Qe4 30. Qd2 Qb1+ 31. Kh2 Re7 32. Rd8+ Rxd8
33. Qxd8+ Re8 34. Qd7 Bf7 35. Nc7 Re2 36. Qd8+ Kh7 37. Qf8 Rxf2+ 38. Kg3 Qg1+
39. Kh4 g5# 0-1

[Event "Northwest Chess Open"]
[Site "Chess.com"]
[Date "2020.05.09"]
[Round "?"]
[White "Gilton, Terry"]
[Black "Morse, Frank"]
[Result "1-0"]
[WhiteElo "1554"]
[BlackElo "610"]
[PlyCount "81"]
[EventDate "2020.??.??"]

1. d4 d5 2. Bf4 Nc6 3. Nf3 Bf5 4. a3 Nf6 5. e3 e6 6. c4 g6 7. Be2 Bg7 8. Nc3
O-O 9. O-O a6 10. Bd3 Ne4 11. cxd5 Nxc3 12. bxc3 Bxd3 13. Qxd3 exd5 14. c4 b6
15. cxd5 Qxd5 16. Bxc7 b5 17. Rfc1 Bh6 18. Rc5 Qd7 19. Rac1 Qxc7 20. Rxc6 Qa5
21. Qb3 Rab8 22. Qb4 Rfe8 23. Qxa5 Ra8 24. Rxa6 Rxa6 25. Qxa6 Rb8 26. Rc8+ Rxc8
27. Qxc8+ Kg7 28. d5 Bg5 29. d6 Bf6 30. e4 Bb2 31. d7 Bf6 32. e5 Be7 33. Nd4 b4
34. axb4 f6 35. d8=Q Bxd8 36. Qxd8 fxe5 37. Qe7+ Kh6 38. Nf3 g5 39. g4 Kg6 40.
Nxe5+ Kh6 41. Qf6# 1-0

[Event "Northwest Chess Open"]
[Site "Chess.com"]
[Date "2020.05.09"]
[Round "?"]
[White "Morse, Frank"]
[Black "Kona, Vidip"]
[Result "0-1"]
[WhiteElo "610"]
[BlackElo "1261"]
[PlyCount "32"]
[EventDate "2020.??.??"]

1. d4 Nf6 2. c4 g6 3. Nc3 Bg7 4. Nf3 O-O 5. e4 d6 6. Bf4 c5 7. dxc5 dxc5 8. e5
Qxd1+ 9. Rxd1 Nfd7 10. Nb5 Na6 11. g3 Nb6 12. e6 Bxe6 13. b3 Rad8 14. Be2 Bh3
15. Bg5 Nb4 16. Bxe7 Nc2# 0-1

[Event "Northwest Chess Open"]
[Site "Chess.com"]
[Date "2020.05.10"]
[Round "?"]
[White "Morse, Frank"]
[Black "Stein, Elizabeth"]
[Result "0-1"]
[WhiteElo "610"]
[BlackElo "841"]
[PlyCount "44"]
[EventDate "2020.??.??"]

1. d4 d5 2. c4 Bf5 3. cxd5 Bxb1 4. Rxb1 Qxd5 5. Ra1 Nc6 6. e4 Qxe4+ 7. Ne2 Rd8
8. f3 Qe6 9. Bf4 Nxd4 10. Bxc7 Nxf3+ 11. gxf3 Rxd1+ 12. Kxd1 Qd7+ 13. Ke1 Qxc7
14. Nf4 Qxf4 15. Rd1 Qe3+ 16. Be2 e5 17. Kf1 Bc5 18. Bb5+ Ke7 19. Rd7+ Kf6 20.
Kg2 Qf2+ 21. Kh3 Qxf3+ 22. Kh4 Bf2# 0-1